| 000 | 00662nam a2200205Ia 4500 | ||
|---|---|---|---|
| 003 | GCL | ||
| 008 | 140319s9999 xx 000 0 ara d | ||
| 040 |
_aGCL / _cGCL |
||
| 082 | 0 | 4 |
_aق _b962.064 _bه ح |
| 100 | 1 | _aهيئة البحوث العسكرية | |
| 245 | 1 | 0 |
_aحرب العدوان الثلاثى على مصر (الجزء الأول) / _cهيئة البحوث العسكرية |
| 260 |
_a[S.N] : _bهيئة البحوث العسكرية |
||
| 300 | _a302 ص | ||
| 490 | _a | ||
| 650 | 0 | 4 | _aالعصر الحديث |
| 650 | 0 | 4 | _aمصر |
| 650 | 0 | 4 | _aتاريخ |
| 650 | 0 | 4 | _aالاعتداء الثلاثى على مصر 1956 |
| 942 |
_2ddc _cBK |
||
| 999 |
_c51589 _d51589 |
||